| 000 | 00700nam a2200205Ia 4500 | ||
|---|---|---|---|
| 008 | 130821s2009 xx gs eng | ||
| 020 | _a97809818914119 | ||
| 040 |
_aCo-BoUCM _bspa |
||
| 041 | 0 | 0 | _aeng |
| 092 | _aCD 0292 | ||
| 245 | 1 | 0 |
_aFutures Research Methodology - Version 3-0 _c[Recurso electrónico] _ceditores Jerome C. Glenn y Theodore J. Gordon |
| 260 |
_a[Lugar desconocido] _b[Editorial desconocida] _c2009 |
||
| 300 | _a1 CD-ROM | ||
| 650 | 0 | 4 |
_aInvestigación _917968 |
| 650 | 0 | 4 |
_aMetodología de la investigación _vCD-ROM _919435 |
| 700 | 1 |
_aGlenn, Jerome C. _eed. |
|
| 700 | 1 |
_aGordon, Theodore J. _eed. |
|
| 710 | 1 | _aThe Rockefeller Foundation | |
| 942 |
_cMULTIMEDIA _2LOCAL _a5 _e1 |
||
| 999 |
_c72747 _d72747 |
||